书目信息 |
| 题名: |
红色记忆
|
|
| 作者: | 王岳忠 主编 ;中央军委政治工作部老干部局 编 | |
| 分册: | ||
| 出版信息: | 北京 解放军出版社 2017 |
|
| 页数: | 11,611页 | |
| 开本: | 24cm | |
| 丛书名: | ||
| 单 册: | ||
| 中图分类: | I251.2 | |
| 科图分类: | ||
| 主题词: | 革命回忆录--作品集--中国--当代 | |
| 电子资源: | ||
| ISBN: | 978-7-5065-7396-2 | |
| 000 | 00906nam0 2200241 450 | |
| 001 | 012001000382 | |
| 005 | 20140920091301.0 | |
| 010 | @a978-7-5065-7396-2@dCNY60.00 | |
| 100 | @a20180819d2017 em y0chiy50 ea | |
| 101 | 0 | @achi |
| 102 | @aCN@b110000 | |
| 105 | @ay z 000zd | |
| 106 | @ar | |
| 200 | 1 | @a红色记忆@9Hong Se Ji Yi@e纪念建军90周年全军老干部征文作品集 |
| 210 | @a北京@c解放军出版社@d2017 | |
| 215 | @a11,611页@d24cm | |
| 330 | @a本书收录的200篇作品,记述的都是老同志的亲身经历,有的回忆了一个难忘的事件,有的追述了一个感人的故事,有的重现了一个精彩的片段。字里行间饱含了对革命初心的执着与坚定。 | |
| 606 | 0 | @a革命回忆录@x作品集@y中国@z当代 |
| 690 | @aI251.2@v5 | |
| 701 | 0 | @a王岳忠@9Wang Yue Zhong@4主编 |
| 712 | 02 | @a中央军委政治工作部老干部局@9Zhong Yang Jun Wei Zheng Zhi Gong Zuo Bu Lao Gan Bu Ju@4编 |
| 801 | 0 | @aCN@b上海新华@c20180901 |
| 905 | @b1041593-97@dI251.2@e1041@f5 | |
| 红色记忆:纪念建军90周年全军老干部征文作品集.-北京:解放军出版社,2017 |
| 11,611页;24cm |
| ISBN 978-7-5065-7396-2:CNY60.00 |
| 本书收录的200篇作品,记述的都是老同志的亲身经历,有的回忆了一个难忘的事件,有的追述了一个感人的故事,有的重现了一个精彩的片段。字里行间饱含了对革命初心的执着与坚定。 |
| ● |
| 相关链接 |
|
|
|
|
正题名:红色记忆
索取号:I251.2/1041
 
预约/预借
| 序号 | 登录号 | 条形码 | 馆藏地/架位号 | 状态 | 备注 |
| 1 | 1041593 | 210415932 | 第一样本阅览室/ [索取号:I251.2/1041] | 在馆 | |
| 2 | 1041594 | 210415941 | 第二借阅区/ [索取号:I251.2/1041] | 在馆 | |
| 3 | 1041595 | 210415950 | 第二借阅区/ [索取号:I251.2/1041] | 在馆 | |
| 4 | 1041596 | 210415969 | 第二借阅区/ [索取号:I251.2/1041] | 在馆 | |
| 5 | 1041597 | 210415978 | 密集书库-文学院/ [索取号:I251.2/1041] | 在馆 |